000 00407cam a22001457a 4500
008 180718b2004 xxu||||| |||| 00| 0 eng d
020 _a8173916187
082 _aI548 Sa97
100 _aSaxena, Ambrish
245 _aRight to information and freedom of press
_cby Ambrish Saxena
260 _aNew Delhi
_bKanishka
_c2004
300 _a196p.
650 _aFreedom of press
650 _aFreedom of information
999 _c402295
_d402295